01086nam a2200193Ia 4500001001100000003001000011008004100021040002500062041001300087100002200100245001900122250001100141260005500152300001200207500026400219501011400483520026400597650003100861L922-42290IT-CnALBA170116s9999||||xx |||||||||||||| ||und|| aIT-CnALBAcIT-CnALBA aITALIANO aDE LUPPÈ ROBERT 0aJEAN ANOUILH.  a1a ed. a TORINO. ROMAbBORLA EDITORE c1966 [1° Ed.:1966] a145 p.  aTRADUZIONE DAL FRANCESE. PRESENTAZIONE. INTRODUZIONE. POVERTÀ RICORDO. FANTASIA SOGNO REALTÀ. IL TEMA DELLA COPPIA. INFANZIA. I PASTICHES. COMMEDIE STRIDENTI E IL TEMA DEL PIACERE. IL LIBRO ILLUSTRATO. LO SPAZIO POETICO. CONCLUSIONE. CRONOLOGIA DELLE OPER aSocietà San Paolo EM - Piazza San Paolo, 14 - 12051 ALBA (CN) (non commercial uses only) ® Copyright 2017 aTRADUZIONE DAL FRANCESE. PRESENTAZIONE. INTRODUZIONE. POVERTÀ RICORDO. FANTASIA SOGNO REALTÀ. IL TEMA DELLA COPPIA. INFANZIA. I PASTICHES. COMMEDIE STRIDENTI E IL TEMA DEL PIACERE. IL LIBRO ILLUSTRATO. LO SPAZIO POETICO. CONCLUSIONE. CRONOLOGIA DELLE OPER aBIOGRAFIE, UOMINI ILLUSTRI